Statistics for Lana del rey - Mariners Apartment Complex

Click here to take the quiz!

General Stats

  • This quiz has been taken 44 times
  • The average score is 239 of 267

Answer Stats

Answer% Correct
I
100%
a
97%
Apartment
97%
Complex
97%
do
97%
in
97%
Mariners
97%
That
97%
that
97%
the
97%
am
93%
And
93%
and
93%
are
93%
At
93%
at
93%
best
93%
can?
93%
can
93%
context
93%
girl
93%
I'm
93%
is
93%
Jesus
93%
Kind
93%
kindness
93%
man
93%
me
93%
my
93%
My
93%
no
93%
of
93%
out
93%
sadness
93%
she
93%
that's
93%
to
93%
too
93%
took
93%
weakness
93%
When
93%
where
93%
who
93%
Who
93%
who's
93%
wind
93%
You
93%
you
93%
your
93%
Your
93%
ain't
90%
been
90%
been?
90%
but
90%
candle
90%
Can't
90%
far
90%
for
90%
fucked
90%
just
90%
know
90%
make
90%
mistook
90%
on
90%
So
90%
then
90%
They
90%
thunder
90%
up
90%
with
90%
wonder
90%
you've
90%
again
86%
baby
86%
Baby
86%
beaches
86%
believer
86%
big
86%
bitch
86%
breath
86%
change
86%
deep
86%
die
86%
don't
86%
Don't
86%
gonna
86%
hand
86%
her
86%
I'll
86%
I've
86%
let
86%
lightning
86%
look
86%
lost
86%
need
86%
right
86%
sea
86%
stand
86%
sweetness
86%
take
86%
Take
86%
this
86%
time
86%
venice
86%
whisper
86%
You're
86%
boat
83%
dark
83%
everyone's
83%
from
83%
hard
83%
have
83%
kiss
83%
leave
83%
lose
83%
Maybe
83%
people
83%
save
83%
sky
83%
these
83%
way
83%
All
79%
command
79%
could
79%
found
79%
talking
79%
things
79%
darkness
76%
sins
76%
Think
76%
about
72%
'Cause
72%
feel
72%
resistance
72%
deepness
69%
distance
69%
even
69%
see
69%
burning
66%
(yeah)
66%
bolt
62%
Catch
62%
wave
62%
heart
59%

Score Distribution

Percentile by Number Answered

Percent of People with Each Score

Your Score History

You have not taken this quiz